Hormony - Statystyki

Ogólne statystyki
  • Ten quiz został rozwiązany 40 razy
  • Średni wynik to 6 z 12
Statystyki odpowiedzi
Wskazówka Odpowiedź % Poprawnych
Męski hormon płciowy Testosteron
94%
Jest hormonem, który przyspiesza pracę serca, rozszerzaźrenice oraz zmniejsza pracę układu pokarmowego działa w sytuacjach stresowych Adrenalina
82%
Obniża poziom glukozy we krwi Insulina
79%
Jest hormonem stresu, który zwiększa poziomglukozy we krwi Kortyzol
71%
Jest potocznie nazywana hormonem szczęścia Serotonina
53%
Jest go najwięcej w trakcie ciąży, jest potrzebny do prawidłowego zarodka i płodu Progesteron
50%
Jest go najwięcej w okresie niemowlęcym i dojrzewania Hormon wzrostu
44%
Hormon tarczycy, jest odpowiedzialny za prawidłowy metabolizm Tyroksyna
41%
Obniża poziom wapnia we krwi Kalcytonina
38%
Reguluje gospodarkę wodną organizmu, zmniejszawydzielanie moczu Wazopresyna
38%
Stymuluje produkcję mleka u kobiet w ciąży Prolaktyna
32%
Wywołuje skurcze macicy podczas porodu Oksytozyna
3%
Nie znaleziono quizów pasujących do podanych kryteriów
Rozkład punktacji
Procent ludzi z każdym wynikiem
Percentyl według liczby udzielonych odpowiedzi
Twoja historia wyników
Nie rozwiązałeś tego quizu